[Event "Dhaka Zia Memorial"]
[Site "Dhaka"]
[Date "2025.07.10"]
[Round "8"]
[White "Safayat, Kibria Azaan"]
[Black "Dipteman, Roy"]
[Result "1-0"]
[WhiteElo "1846"]
[BlackElo "1907"]
[PlyCount "69"]
[EventDate "2025.07.05"]
[EventType "swiss"]
[EventRounds "9"]
[EventCountry "BAN"]
[SourceTitle "CB29_2025"]
[SourceDate "2025.07.16"]
[SourceVersion "1"]
[SourceVersionDate "2025.07.16"]
[SourceQuality "1"]

1. e4 Nf6 2. e5 Nd5 3. c4 Nb6 4. d4 d6 5. exd6 cxd6 6. Nc3 g6 7. Be3 Bg7 8. Nf3 Bg4 9. Be2 Nc6 10. b3 Nd7 11. Rc1 a6 12. Qd2 h5 13. d5 Nce5 14. Nxe5 Nxe5 15. Bd4 Bxe2 16. Nxe2 Bf6 17. Ng3 Ng4 18. Ne4 Kf8 19. Nxf6 exf6 20. 0-0 Kg7 21. h3 Nh6 22. Rce1 Nf5 23. Bc3 Qd7 24. Qg5 Rh7 25. Qxf6+ Kg8 26. Re4 Rf8 27. Rfe1 b5 28. g4 hxg4 29. hxg4 Nh4 30. R1e3 g5 31. Rh3 Qd8 32. Re7 Re8 33. Qxg5+ Kf8 34. Rxe8+ Qxe8 35. Rxh4 1-0